Eminence in Shadow Characters - Statistics

General Stats
  • This quiz has been taken 256 times
    253 since last reset
  • The average score is 33 of 80
Answer Stats
Picture Answer % Correct
Shadow
94%
father
93%
mother
93%
Cid Kagenou
91%
Alpha
89%
Delta
88%
Beta
87%
Gamma
80%
John Smith
75%
Zeta
75%
Eta
74%
Epsilon
73%
Nu
68%
Alexia Midgar
65%
Iris Midgar
65%
Mundane Man
63%
Claire Kagenou
60%
Raphael Oriana
60%
Reina Oriana
60%
Rose Oriana
56%
Sherry Barnett
53%
Beatrix
52%
Aurora
51%
Lambda
50%
Olivier
46%
Klaus Midgar
45%
Omega
44%
Marie
43%
Mary
43%
Yukime
43%
664
42%
665
42%
Jack the Ripper
42%
Po Tato
42%
Victoria
42%
Perv Asshat
40%
Akane NIshino
38%
Annerose
37%
Minoru Kagenou
37%
Kai
36%
Elisabeth
34%
Eliza Dacuaican
34%
Gettan
32%
Skel Etal
32%
Juggernaut
31%
Lutheran Barnett
31%
Mordred
31%
Zenon Griffey
31%
Akira Nishino
29%
Fenrir
29%
Rex
28%
Crimson
27%
Goldy Gilded
27%
Pi
27%
Quinton
27%
Nelson
25%
Nina
25%
Suzuki Hope
25%
Executioner Venom
24%
Kana
23%
Millia
23%
The White Demon
23%
Christina Hope
21%
Isaac
21%
Leaf Four
21%
Kanade
20%
Claudia
19%
Grease
19%
Natsu
18%
Petos
18%
Dark Smile Jean
16%
Garter
16%
Kevin
16%
Margaret
16%
The Black Spider
15%
Yuudai Saejima
14%
Yuuka
14%
Immatry Nottaloos
13%
Haitani
12%
Kouadoi
10%
No matching quizzes found
Score Distribution
Percent of People with Each Score
Percentile by Number Answered
Your Score History
You have not taken this quiz since the last reset